Statistieken voor Alle landen waar een D in zit.

Klik hier om de quiz te nemen!

Algemene statistieken

  • Deze quiz is 45 keer genomen
    (33 sinds de laatste reset)
  • De gemiddelde score is 38 van 55

Antwoordstatistieken

Landen% Correct
Denemarken
96%
Duitsland
96%
Finland
88%
Nederland
88%
Estland
85%
Letland
85%
Djibouti
81%
Dominicaanse Republiek
81%
Ierland
81%
Ijsland
81%
Noord-Korea
81%
Verenigde Staten
81%
Verenigd Koninkrijk
81%
Zwitserland
81%
Andorra
77%
Dominica
77%
Verenigde Arabische Emiraten
77%
Zuid-Korea
77%
Zweden
77%
Azerbeidzjan
73%
Barbados
73%
Griekenland
73%
India
73%
Indonesie
73%
Nieuw-Zeeland
73%
Rusland
73%
Soedan
73%
Thailand
73%
Zuid-Afrika
73%
Zuid-Soedan
73%
Canada
69%
Madagaskar
69%
Noord-Macedonië
69%
Tadzjikistan
69%
Trinidad en Tobago
69%
Saoedi-Arabië
65%
Antigua en Barbuda
62%
Honduras
62%
Jordanié
62%
Bangladesh
58%
Ecuador
58%
Salomonseilanden
58%
Cambodja
54%
Marshalleilanden
54%
Saint Vincent en de
Grenadines
54%
Malediven
50%
Tsjaad
50%
Vaticaanstad
50%
Grenada
46%
Kaapverdië
46%
Oeganda
46%
Burundi
42%
Moldavië
42%
El Salvador
38%
Rwanda
38%

Scoreverdeling

Percentiel versus Aantal Correcte Antwoorden

Procent van Mensen met Elke Score

Uw Scoregeschiedenis

U heeft deze quiz nog niet genomen sinds de laatste reset